00885nam a2200217 i 4500001000700000003000900007005001700016008004100033080001000074100002900084245016000113260003700273300002100310490005200331650003400383700002800417830006000445852002100505999001900526952012200545183261ES-MaACL20230906221840.0140204s1953 sp |||| | spa d a530.11 aChilds, W. H, J.915435510aConstantes físicas seleccionadas para estudiantes / cpor W. H. J. Childs... ; traducción de la séptima edición inglesa por J[ulio] Figuera Andú. a[Madrid : bS.A.E.T.A., c1953?] a87 p. ; c17 cm.1 aMonografías Methuen's sobre temas de física 4aConstantes físicas.91543560 aFiguera Andu, J.9507540 aMonografías Methuen's sobre temas de física9191891 aES-MaACLjE-5194 c183261d183261 00104070aATENEOMbATENEOMcDEPO2d2014-02-04eDONl0oE-5194p1192607r2023-02-23 00:00:00w2023-02-23yMONOGRAFIA